| 000 | 00749na a2200229 4500 | ||
|---|---|---|---|
| 001 | 23876 | ||
| 003 | MIRAKIL | ||
| 005 | 20181213155256.0 | ||
| 008 | 180112b tu 000 0 | ||
| 020 | _a9753954476 | ||
| 040 |
_aMilas _btur _cTR-AnCHP |
||
| 041 | _atur | ||
| 082 |
_a330.9561 _bG91 2001 |
||
| 090 | _a330.9561 G91 2001 | ||
| 245 |
_aGüçlü ekonomiye geçiş programı üzerine değerlendirmeler _cTürk Mühendis ve Mimar Odaları Birliği (TMMOB) |
||
| 260 |
_aAnkara _bTürk Mühendis ve Mimar Odaları Birliği (TMMOB) _c2001 |
||
| 300 |
_a45 s. _bgrf. _c24 sm. |
||
| 650 | _aEkonomik politikalar | ||
| 650 |
_aEkonomi _xDeğerlendirmeler _xTürkiye |
||
| 710 | _aTürk Mühendis ve Mimar Odaları Birliği | ||
| 942 |
_2ddc _cBKS |
||
| 999 |
_c9774 _d9774 |
||